[Event "ARG-ch sf 98th"]
[Site "Buenos Aires"]
[Date "2023.05.02"]
[Round "4"]
[White "Dubrovich, Igor"]
[Black "Perez, Daniel Guillermo"]
[Result "1/2-1/2"]
[WhiteElo "1963"]
[BlackElo "2293"]
[PlyCount "36"]
[EventDate "2023.04.29"]
[EventType "swiss"]
[EventRounds "9"]
[EventCountry "ARG"]
[SourceTitle "CBM 214 Extra"]
[Source "ChessBase"]
[SourceDate "2023.07.31"]
[SourceVersion "1"]
[SourceVersionDate "2023.07.31"]
[SourceQuality "1"]

1. e4 e5 2. Nf3 Nc6 3. Bc4 Bc5 4. c3 Nf6 5. d3 d6 6. 0-0 0-0 7. Re1 a6 8. Bb3 Be6 9. Bc2 Ba7 10. Nbd2 Ne7 11. Nf1 Ng6 12. Ng3 h6 13. h3 c6 14. d4 Qc7 15. Be3 b5 16. Qd2 Rfd8 17. Nf5 Ne8 18. Rad1 f6 1/2-1/2

[Event "Florianopolis op 9th"]
[Site "Florianopolis"]
[Date "2023.01.24"]
[Round "3"]
[White "Perez, Daniel Guillermo"]
[Black "Kazuhiro Shikasho, Erik"]
[Result "1-0"]
[WhiteElo "2306"]
[BlackElo "1886"]
[PlyCount "63"]
[EventDate "2023.01.23"]
[EventType "swiss"]
[EventRounds "10"]
[EventCountry "BRA"]
[SourceTitle "CBM 212 Extra"]
[Source "ChessBase"]
[SourceDate "2023.03.31"]
[SourceVersion "1"]
[SourceVersionDate "2023.03.31"]
[SourceQuality "1"]

1. e4 c5 2. Nf3 d6 3. d4 cxd4 4. Nxd4 Nf6 5. f3 e5 6. Nb3 Be6 7. c4 Qc7 8. Na3 a6 9. Be3 Be7 10. Rc1 Nbd7 11. Be2 Rc8 12. 0-0 0-0 13. Qd2 Rfd8 14. Na1 b6 15. N1c2 Qb7 16. Nb4 Nc5 17. Nd5 Bxd5 18. cxd5 b5 19. Nc2 Ncd7 20. Qa5 Re8 21. Nb4 Nb8 22. Qb6 Qxb6 23. Bxb6 Bd8 24. Bf2 Ba5 25. Nxa6 Nxa6 26. Bxb5 Rxc1 27. Rxc1 Nc7 28. Bxe8 Nfxe8 29. a3 Nb5 30. Rc8 Kf8 31. b4 Bc7 32. a4 1-0

[Event "ARG-ch Amateur"]
[Site "Termas de Rio Hondo"]
[Date "2019.11.18"]
[Round "7"]
[White "Perez, Daniel Guillermo"]
[Black "Villarreal, Agustin"]
[Result "1/2-1/2"]
[WhiteElo "2189"]
[BlackElo "1978"]
[PlyCount "75"]
[EventDate "2019.11.15"]
[EventType "swiss"]
[EventRounds "7"]
[EventCountry "ARG"]
[SourceTitle "CBM 193 Extra"]
[Source "ChessBase"]
[SourceDate "2020.01.31"]
[SourceVersion "1"]
[SourceVersionDate "2020.01.31"]
[SourceQuality "1"]

1. d4 d5 2. c4 e6 3. Nc3 Be7 4. cxd5 exd5 5. Bf4 Nf6 6. Qc2 c6 7. e3 Nbd7 8. Bd3 Nf8 9. h3 Ng6 10. Bh2 0-0 11. Nf3 Be6 12. 0-0 Rc8 13. Qb3 Qb6 14. Nd2 Nd7 15. a4 Bb4 16. Rfb1 c5 17. Bb5 Nf6 18. Nf3 Bxc3 19. bxc3 c4 20. a5 cxb3 21. axb6 a6 22. Bf1 Rxc3 23. Ra3 Rfc8 24. Raxb3 Rxb3 25. Rxb3 Rc1 26. Nd2 Ne4 27. Rb1 Rxb1 28. Nxb1 Bc8 29. f3 Nf6 30. Nc3 Ne7 31. Bd3 Kf8 32. g4 g6 33. Bd6 Be6 34. Na4 Nd7 35. Bxa6 Nxb6 36. Nxb6 bxa6 37. e4 Ke8 38. exd5 1/2-1/2

[Event "ARG-ch sf Jaque CC U2300"]
[Site "Corrientes"]
[Date "2019.04.28"]
[Round "5.1"]
[White "Perez, Daniel Guillermo"]
[Black "Duprat, Daniel"]
[Result "1-0"]
[WhiteElo "2150"]
[BlackElo "1809"]
[PlyCount "79"]
[EventDate "2019.04.27"]
[EventType "swiss"]
[EventRounds "6"]
[EventCountry "ARG"]
[SourceTitle "EXT 2024"]
[Source "ChessBase"]
[SourceDate "2023.10.10"]
[SourceVersion "1"]
[SourceVersionDate "2023.10.10"]
[SourceQuality "1"]

1. e4 c5 2. Nf3 g6 3. d4 cxd4 4. Nxd4 Nc6 5. Nxc6 bxc6 6. Qd4 Nf6 7. e5 Nd5 8. Bc4 Bg7 9. Bxd5 cxd5 10. Qxd5 Ba6 11. Nc3 Qb8 12. f4 Bb7 13. Qd2 0-0 14. 0-0 d6 15. exd6 exd6 16. Qd3 Qc8 17. Rd1 Re8 18. Be3 Bxc3 19. bxc3 Qc6 20. Rd2 Ba6 21. c4 Qxc4 22. Qxc4 Bxc4 23. Kf2 d5 24. c3 Re7 25. Rb1 Rae8 26. Bd4 a6 27. Rb6 Re6 28. Rxe6 Rxe6 29. Rb2 Bb5 30. g4 f6 31. f5 Rc6 32. a4 Bxa4 33. Rb8+ Kf7 34. Rb7+ Kg8 35. g5 fxg5 36. f6 Rc8 37. Rg7+ Kf8 38. Be5 Rc6 39. c4 dxc4 40. Bb2 1-0

[Event "Parana Dos Orillas 7th"]
[Site "Parana"]
[Date "2018.08.04"]
[Round "3.9"]
[White "Perez, Daniel Guillermo"]
[Black "Cantero Cochia, Alejandro"]
[Result "1-0"]
[WhiteElo "2123"]
[BlackElo "1779"]
[PlyCount "85"]
[EventDate "2018.08.03"]
[EventType "swiss"]
[EventRounds "6"]
[EventCountry "ARG"]
[SourceTitle "EXT 2024"]
[Source "ChessBase"]
[SourceDate "2023.10.10"]
[SourceVersion "1"]
[SourceVersionDate "2023.10.10"]
[SourceQuality "1"]

1. c4 e5 2. Nc3 Nc6 3. g3 Nf6 4. Bg2 Be7 5. Nf3 d6 6. d4 exd4 7. Nxd4 Ne5 8. 0-0 0-0 9. b3 c6 10. Qc2 Bg4 11. Nf5 Qd7 12. Nxe7+ Qxe7 13. h3 Bd7 14. Ba3 Rad8 15. e4 c5 16. Bc1 Nc6 17. Bg5 Be6 18. Rae1 h6 19. Nd5 Bxd5 20. exd5 Ne5 21. Bh4 g5 22. f4 gxh4 23. fxe5 dxe5 24. Qf5 Nh7 25. Rxe5 Qg5 26. Qxg5+ hxg5 27. gxh4 gxh4 28. Re7 f6 29. Rxb7 Rf7 30. Rxf7 Kxf7 31. Rf4 Rg8 32. Rxh4 Ng5 33. Kf2 Rd8 34. Rg4 Rd6 35. h4 Nh7 36. Be4 Nf8 37. Bf5 Ra6 38. a4 Rb6 39. Rg3 Rb7 40. h5 Ke8 41. h6 Rf7 42. Rg7 a5 43. d6 1-0

[Event "Posadas Realidades 2nd"]
[Site "Posadas"]
[Date "2018.07.22"]
[Round "5.1"]
[White "Almiron, Antonio"]
[Black "Perez, Daniel Guillermo"]
[Result "1-0"]
[WhiteElo "2340"]
[BlackElo "2101"]
[PlyCount "45"]
[EventDate "2018.07.20"]
[EventType "swiss"]
[EventRounds "5"]
[EventCountry "ARG"]
[SourceTitle "EXT 2024"]
[Source "ChessBase"]
[SourceDate "2023.10.10"]
[SourceVersion "1"]
[SourceVersionDate "2023.10.10"]
[SourceQuality "1"]

1. d4 d5 2. Nf3 c5 3. c4 cxd4 4. cxd5 Nf6 5. Qa4+ Qd7 6. Qxd4 Qxd5 7. Nc3 Qxd4 8. Nxd4 a6 9. g3 e5 10. Nb3 Bd7 11. Bg2 Bc6 12. 0-0 Bxg2 13. Kxg2 Bb4 14. Bd2 Nc6 15. a3 Be7 16. Bg5 0-0-0 17. Rac1 Kb8 18. Rfd1 Nd7 19. Bxe7 Nxe7 20. Ne4 Rhf8 21. Na5 Nc8 22. Rd3 Ndb6 23. Rb3 1-0

[Event "Posadas Realidades 2nd"]
[Site "Posadas"]
[Date "2018.07.22"]
[Round "4.1"]
[White "Jimenez, Joaquin Rodrigo"]
[Black "Perez, Daniel Guillermo"]
[Result "0-1"]
[WhiteElo "2254"]
[BlackElo "2101"]
[PlyCount "152"]
[EventDate "2018.07.20"]
[EventType "swiss"]
[EventRounds "5"]
[EventCountry "ARG"]
[SourceTitle "EXT 2024"]
[Source "ChessBase"]
[SourceDate "2023.10.10"]
[SourceVersion "1"]
[SourceVersionDate "2023.10.10"]
[SourceQuality "1"]

1. c4 Nf6 2. Nc3 c5 3. Nf3 d5 4. cxd5 Nxd5 5. e4 Nb4 6. Bc4 Nd3+ 7. Ke2 Nxc1+ 8. Rxc1 Nc6 9. Qb3 e6 10. Rhd1 Be7 11. Bb5 0-0 12. Bxc6 bxc6 13. d4 Rb8 14. Qc2 Ba6+ 15. Ke1 Qb6 16. b3 cxd4 17. Nxd4 Ba3 18. Ra1 Rfd8 19. Nde2 Bb4 20. a3 Rxd1+ 21. Rxd1 Bxa3 22. Rd7 Bb4 23. Nc1 Rd8 24. Rxd8+ Qxd8 25. N1a2 Be7 26. Qd2 Qxd2+ 27. Kxd2 Bc5 28. Nd1 Bf1 29. g3 Bg2 30. Nac3 Bd4 31. Kd3 e5 32. Nb1 Bf1+ 33. Kd2 Kf8 34. Ne3 Ba6 35. Nc3 g6 36. f3 Ke7 37. Ncd1 Kd6 38. h4 Kc5 39. Nc2 Bc8 40. Kd3 a5 41. Nc3 Ba6+ 42. Kd2 Bb5 43. Nd1 a4 44. bxa4 Bxa4 45. Ne1 Bxd1 46. Kxd1 Kc4 47. Ke2 Kb3 48. f4 c5 49. Nf3 exf4 50. gxf4 Bf6 51. e5 Be7 52. Nd2+ Kc3 53. Ne4+ Kd4 54. Nd6 Bxh4 55. Kf3 c4 56. Nxf7 c3 57. Ke2 Ke4 58. e6 Kxf4 59. Kd3 Kf5 60. Kxc3 Kxe6 61. Nh6 Bg5 62. Ng4 Kf5 63. Nf2 Kf4 64. Kd3 Kf3 65. Ne4 Be7 66. Nd2+ Kg2 67. Ke2 h5 68. Nf3 h4 69. Ne1+ Kg3 70. Kf1 Bc5 71. Nd3 Bd4 72. Nc1 Be3 73. Ne2+ Kf3 74. Nc3 h3 75. Nd1 h2 76. Nf2 g5 0-1

[Event "Posadas Realidades 2nd"]
[Site "Posadas"]
[Date "2018.07.21"]
[Round "3.2"]
[White "Perez, Daniel Guillermo"]
[Black "Alvarez, Miguel1111"]
[Result "1-0"]
[WhiteElo "2101"]
[BlackElo "1984"]
[PlyCount "73"]
[EventDate "2018.07.20"]
[EventType "swiss"]
[EventRounds "5"]
[EventCountry "ARG"]
[SourceTitle "EXT 2024"]
[Source "ChessBase"]
[SourceDate "2023.10.10"]
[SourceVersion "1"]
[SourceVersionDate "2023.10.10"]
[SourceQuality "1"]

1. d4 Nf6 2. Nf3 e6 3. c4 d5 4. Nc3 Bb4 5. Qa4+ Nc6 6. Ne5 Bxc3+ 7. bxc3 Bd7 8. Nxd7 Qxd7 9. Rb1 0-0 10. e3 Rfb8 11. Qc2 Qe7 12. Bd3 Na5 13. cxd5 exd5 14. 0-0 b6 15. Bd2 Ne4 16. Be1 Re8 17. f3 Nd6 18. Bf2 Nac4 19. Rbe1 f5 20. Re2 Qg5 21. Rfe1 Re6 22. e4 Rg6 23. Bg3 f4 24. e5 Rh6 25. Qc1 Ne3 26. Rxe3 Nf5 27. Re4 Nxg3 28. Rxf4 Rh5 29. hxg3 Qxg3 30. Rg4 Qh2+ 31. Kf2 Rf8 32. Rg3 Qh4 33. e6 h6 34. e7 Re8 35. Bg6 Rg5 36. Qxg5 hxg5 37. Bxe8 1-0